Teatro Akropolis : testimonianze ricerca azioni. Volume quattordicesimo /
Guardat en:
| Autor principal: | |
|---|---|
| Altres autors: | |
| Format: | Llibre |
| Idioma: | italià |
| Publicat: |
Genova :
Akropolis libri,
2023
|
| Matèries: | |
| Etiquetes: |
Sense etiquetes, Sigues el primer a etiquetar aquest registre!
|
MARC
| LEADER | 00000nam a22000007i 4500 | ||
|---|---|---|---|
| 001 | IT\ICCU\CAG\2150974 | ||
| 003 | ItRI | ||
| 005 | 20251021172927.0 | ||
| 008 | 231212s2023 it |||||| |||||0|||||c | ||
| 020 | |a 9788832092134 | ||
| 040 | |b ita |c Arcigay Viterbo | ||
| 041 | 7 | |a ita |2 ISO-639-2 | |
| 082 | |a 792.09451821 |2 23 | ||
| 100 | 1 | |a Tafuri, Clemente, |d (1974- ) |0 IT\ICCU\CFIV\217744 | |
| 240 | 1 | 0 | |a Teatro Akropolis |9 Tafuri, Clemente <1974- > |
| 245 | 1 | 0 | |a Teatro Akropolis : |b testimonianze ricerca azioni. Volume quattordicesimo / |c Clemente Tafuri, David Beronio. |
| 260 | |a Genova : |b Akropolis libri, |c 2023 | ||
| 300 | |a 154 p., [13] carte di tav. ; |c 21 cm. | ||
| 650 | 7 | |a Teatro Akropolis <Genova> |2 nsbncf | |
| 700 | 1 | |a Beronio, David |0 IT\ICCU\CFIV\251359 | |
| 942 | |2 ddc |c BK |n 0 | ||
| 952 | |0 0 |1 0 |2 ddc |4 0 |6 792_094000000000000_TAF_TEA |7 0 |9 9792 |a VT |b VT |d 2025-10-21 |e Dono della Biblioteca Consorziale di Viterbo |i B370 |l 0 |o 792.094 TAF TEA |p B370 |r 2025-10-21 17:34:54 |w 2025-10-21 |y BK |z Dono della Biblioteca Consorziale di Viterbo | ||
| 981 | 1 | |6 z01 |a i |b xxxe | |
| 982 | 1 | |6 z01 |a n | |
| 999 | |c 8161 |d 8161 | ||